000 00737nam a2200217 a 4500
005 20240925064533.0
008 010716s1996 mx r 000 0 spa d
020 _a847869241X
035 _aUPN01000109709
049 _aCG
050 4 _aLB1131
_bP7.6 no.28
100 1 _aYuste Hernanz, Carlos
_929510
245 1 0 _aPensamiento creativo :
_bprogramas para la estimulación de las habilidades de la inteligencia /
_cCarlos Yuste Hernanz, Dolores Diez Bugallo.
260 _aMadrid :
_bCEPE,
_c1996
300 _a109 p. :
_bil.
440 0 _aProgresint;
_v28
500 _a"Enseñanza secundaria obligatoria. Nivel 4"
650 4 _aPensamiento creativo (Educación)
_95414
700 1 _aDiez Bugallo, Dolores,
_ecoaut.
905 _aLibro
999 _c83619
_d83619